[Event "Guillermo Garcia Memorial-A 06th"]
[Site "Santa Clara"]
[Date "1998.06.08"]
[Round "13"]
[White "Arencibia Rodriguez, Walter"]
[Black "Rivera, Alberto"]
[Result "1-0"]
[WhiteElo "2535"]
[BlackElo "2415"]
[Annotator "Tisdall,J"]
[PlyCount "119"]
[EventDate "1998.05.24"]
[EventType "tourn"]
[EventRounds "13"]
[EventCountry "CUB"]
[EventCategory "9"]
[SourceTitle "CBM 066"]
[Source "ChessBase"]
[SourceDate "1998.09.30"]
[SourceVersion "1"]
[SourceVersionDate "1998.09.30"]
[SourceQuality "1"]

1. d4 {Hecht} Nf6 2. c4 e6 3. Nf3 Bb4+ 4. Bd2 c5 5. Bxb4 cxb4 6. g3 O-O 7. Bg2
d6 8. O-O Re8 9. a3 bxa3 (9... Qb6 10. axb4 (10. Qb3 Nc6 11. axb4 Nxb4 12. Rc1
a5 13. c5 $1 dxc5 14. Rxc5 Nd7 15. Rc1 e5 $5 16. Nbd2 Nc6 17. dxe5 Qxb3 18.
Nxb3 Ndxe5 19. Nxe5 Rxe5 20. e3 Rb5 21. Rxc6 $1 bxc6 (21... Rxb3 22. Rxa5 $1
$18) 22. Bxc6 Rxb3 23. Bxa8 Bh3 $1 24. Bg2 Bxg2 25. Kxg2 Rxb2 26. Rxa5 g6 27.
g4 $1 $16 {Zueger,B-Gostisa,L/Mitropa Cup/1993/}) (10. Qd2 Nc6 11. axb4 Nxb4
12. Nc3 Bd7 13. e4 e5 $2 14. c5 $1 Qc7 $8 (14... dxc5 $2 15. dxe5 $18) 15. cxd6
Qxd6 16. dxe5 Qxd2 17. Nxd2 Ng4 (17... Rxe5 18. f4) 18. f4 Ne3 19. Rf2 Nxg2 20.
Kxg2 Rec8 21. Nd5 Nxd5 22. exd5 Rc5 23. d6 $18 {Teran,I-Adler,J/Antwerpen-Wch
stud/1992/}) 10... Qxb4 11. Na3 Bd7 $5 (11... Na6 $6 $146 12. Ne1 $1 Qb6 (12...
Bd7 13. Nd3 Qb6 14. b4 $1 $16 {/\} (14. e3 $14 {Dautov /\} e5 15. c5 dxc5 16.
Nc4) 14... Nxb4 $2 (14... Qxd4 $2 15. Bxb7 $16) 15. c5 dxc5 16. dxc5 Qa5 17.
Nc2 $18) 13. c5 $1 $16 {1-0 Chernin,A-Kortschnoj,V/Beersheba 1993/CBM 38/
[Hansen,LB] (39)}) 12. Qd3 Bc6 13. Nc2 Qb6 14. Nd2 (14. b4 $1 {Dautov} Be4 15.
Qb3 Bxc2 16. Qxc2 Nc6 17. c5 $14) 14... Bxg2 15. Kxg2 Nc6 16. b4 e5 17. e3 exd4
18. exd4 a6 19. Rab1 Ne7 20. Rfe1 Qc7 $13 {0-1 Horvath,C-Obukhov,A/Kobanya op
1992/TD 92\11 (44)}) (9... Nc6 $5 10. d5 $5 (10. axb4 Nxb4 11. Nc3 Bd7 $1 12.
Qd2 a5 13. e4 e5 14. Rfe1 Rc8 15. b3 b5 $5 16. cxb5 Qb6 17. Rac1 (17. Bf1 $5
Bg4 18. dxe5 dxe5 19. Re3 (19. Nh4 $2 Qd4 $1 $17) 19... Be6 $5 {/\ Ng4;Bb3} 20.
Na4 Qb7 $132) 17... Bxb5 18. Nxb5 Rxc1 19. Qxc1 Qxb5 20. Bf1 Qb6 21. dxe5 dxe5
22. Bc4 h6 23. Qb2 Nc6 24. Qe2 Rd8 $15 {Gligoric,S-Cebalo,M/Jugoslavija/1987/})
10... exd5 11. cxd5 Ne7 12. Ne1 (12. axb4 Nexd5 13. b5 Bg4 $13 {Magerramov,
E-Dizdar,G/Baku/1988/}) 12... bxa3 13. Rxa3 b5 14. b4 a5 $1 15. bxa5 b4 16. Ra4
Rxa5 17. Rxb4 Nexd5 18. Rb2 Bf5 $10 {Nikolic,P-Kortchnoi,V/Zagreb izt/1987/})
10. Nxa3 $5 $146 {Apparently a new move. White plans to launch a quick
offensive against the d6-square. It is remarkable how much trouble this very
simple plan seems to cause.} (10. Rxa3 Qc7 11. b3 a5 12. Nc3 Bd7 13. Qd2 Na6
$13 {Pushkov,N-Obukhov,A/Sochi/1993/} (13... Na6 {Dautov} 14. e4 Bc6 15. e5
dxe5 16. Nxe5 Bxg2 17. Nb5 Qe7 18. Kxg2 b6 19. Raa1 Qb7+ 20. Kg1 Red8 21. Rfd1
Nb4 $10 {->Pushkov-Obukhov/Sochi/1993})) 10... Nc6 (10... Qb6 11. b4 $1 $36)
11. Nb5 {[%csl Rd6]} a6 12. c5 d5 $2 (12... dxc5 $142 13. dxc5 e5 14. Nd6 Re7 {
with a slightly inferior, though solid, position.}) 13. Ne5 Rb8 (13... Nxe5 14.
dxe5 Nd7 15. Nd6 Rf8 16. Qd4 $16) 14. Nd6 Re7 15. Qd2 Bd7 16. Qf4 Qc7 17. Rfc1
Rf8 18. Ra3 Ne8 19. Rb3 Bc8 20. Nxc6 bxc6 (20... Qxc6 21. e4 {adds to the
unpleasantness, but now black's queenside pawns become far too weak.}) 21. Ra1
f6 22. Nxc8 Qxc8 23. Rb8 Qd7 24. Rxa6 e5 25. dxe5 fxe5 26. Qe3 Nf6 27. Rxf8+
Kxf8 28. Qb3 e4 29. e3 {Keeping the mess to a minimum. More adventurous moves
were:} (29. Qa4 $5 {or}) (29. Qb6) 29... d4 30. exd4 Qxd4 31. Ra8+ Ne8 32. Qe3
Qxb2 33. Bxe4 $18 Kf7 34. Qf4+ Nf6 35. Bxh7 (35. Bxc6 {looks like a more
straightforward way to keep control.} Re1+ 36. Kg2 Qe2 37. h4 $5 (37. Be8+ Ke6)
(37. Bd5+ Kg6 38. Bc4 Qd1) 37... h6 (37... Qf1+ 38. Kh2 Qg1+ 39. Kh3 Qf1+ 40.
Bg2) 38. Bd5+ Kg6 39. Bc4 Qd1 40. h5+ $1 Qxh5 41. Bd3+ Kf7 42. Qc7+ Re7 43.
Bc4+ Nd5 44. Qf4+ $1 $18) 35... g6 36. Bg8+ Kg7 37. Ba2 Qb5 38. Kg2 (38. Qc4
Qxc4 39. Bxc4 Re5) 38... Qxc5 39. Qh4 Qh5 (39... Nh5 40. Ra5 Qd6 (40... Qxa5
41. Qxe7+ Kh6 42. Qf8+) 41. Rxh5 $1 gxh5 42. Qg5+ Kh7 43. Qg8+ Kh6 44. Qf8+) (
39... Re8) 40. Qxh5 gxh5 41. Bc4 Re4 42. Ra7+ Kh6 43. Bd3 Rd4 44. Rf7 Nd5 45.
Bf5 h4 46. Kf3 c5 47. gxh4 Rxh4 48. Kg3 Kg5 49. Be6 Nf6 50. Rxf6 Kxf6 51. Kxh4
Kxe6 {[#] Hecht: Nach der Abwicklung verbleibt ein Bauernendspiel, das
jedenfalls sofort für Weiß gewonnen ist, wenn der schwarze König bei den
weißen Bauern bleibt. Verbundene Freibauern verbürgen ebenso den Gewinn wie
Bauern die nur um eine Linie voneinander getrennt sind. Wird der weiter hinten
stehende Bauer geschlagen, geht der vordere stets zur Dame. Also muß Schwarz
schauen, daß er seinen c-Bauern zur Dame führt.} 52. Kg4 Kd5 (52... Ke5 53. Kf3
Kd4 54. h4 Kd3 55. h5 c4 56. h6 c3 57. h7 c2 58. h8=Q c1=Q 59. Qd8+) (52... Ke5
{Hecht erreicht den gleichen Zweck}) 53. h4 (53. Kf3 $2 {Hecht} Kc4 54. h4 Kb3
55. h5 c4 56. h6 c3 57. h7 c2 58. h8=Q c1=Q {und Weiß steht ein langes
Damenendspiel bevor...}) 53... Ke4 (53... c4 {Hecht} 54. Kf3 c3 (54... Kd4 {
Hecht} 55. h5 c3 (55... Ke5 {Hecht} 56. Ke3 Kf5 57. f4 $18) 56. Ke2 Ke5 57. f4+
Kf5 58. Kd3 $18) 55. Ke2 Kc4 56. Kd1 Kb3 57. Kc1 $18) 54. h5 c4 55. h6 c3 56.
h7 c2 57. h8=Q c1=Q {[#] Hecht: Schwarz hat sein Ziel erreicht, hat aber das
Pech, daß Weiß mit gezielten Damenschachs zum Tausch der Damen kommt.} 58. Qh7+
{Black cannot avoid a deadly check on f4. Hecht:verhindert Kd3} Kd5 (58... Ke5
{Hecht} 59. Qf5+ Kd6 60. Qf4+ Qxf4+ 61. Kxf4 Ke6 62. Kg5 Kf7 63. Kf5 Kg7 64.
Ke6 {siehe Burnett-Ippolito - wie sich die Bilder gleichen.}) 59. Qd7+ Ke4 60.
Qf5+ 1-0

[Event "Osterskars op"]
[Site "Osterskars"]
[Date "1995.??.??"]
[Round "9"]
[White "Tisdall, Jonathan D"]
[Black "Lechtynsky, Jiri"]
[Result "1-0"]
[WhiteElo "2500"]
[BlackElo "2435"]
[Annotator "Tisdall,J"]
[PlyCount "107"]
[EventDate "1995.08.??"]
[EventType "swiss"]
[EventRounds "9"]
[EventCountry "SWE"]
[SourceTitle "EXT 1997"]
[Source "ChessBase"]
[SourceDate "1996.11.15"]
[SourceVersion "1"]
[SourceVersionDate "1996.11.15"]
[SourceQuality "1"]

{In this last round game I had to win to have a chance at a prize. Quite
quickly, the games on the top three boards made it seem likely that a win
would in fact share first prize. My only problem was a solid and experienced
opponent who seemed hell-bent on drawing, or perhaps, more cleverly, in
provoking me to over-extend.} 1. d4 Nf6 2. c4 e6 3. Nf3 Bb4+ 4. Bd2 Qe7 {
A surprise, since Lechtynsky has previously favored} (4... c5 {which had been
the subject of my hurried preparations. With a crippled computer and an early
start, there had been almost no time to do anything other than check his
favorite systems.}) 5. Nc3 O-O (5... Bxc3 6. Bxc3 Ne4 7. Rc1 {is more common,
I believe, but black's choice is more flexible. At this point I felt a bit
like I was playing a Nimzo-Indian with 4.Ld2, which didn't impress me very
much.}) 6. g3 Bxc3 (6... d5 {is an interesting alternative.}) 7. Bxc3 Ne4 8.
Rc1 a5 9. Bg2 Nc6 10. O-O Nxc3 11. Rxc3 d6 12. Qa4 {This odd manoeuvre was
inspired by some analysis I did with Simen Agdestein several years ago. I
remembered a Queen's Indian position where Simen suggested posting the white
queen on a3 to create pressure on the black position, something which I found
hard to believe, but which did have some merits. Here, there are ideas of
c4-c5 to mount a little pressure, as well as simply connecting rooks. The b7
pawn may also become weak. White can consider} (12. d5 Nb4 13. a3 Na6 14. e4 {
when white preserves a tiny advantage in a very normal type of position. I
eventually chose something more unusual. This had the practical advantage of
posing new problems to solve, but objectively 12.d5 should be preferred.} (14.
dxe6 $5 {is also interesting.})) 12... Bd7 13. c5 Nb4 14. Qb3 Bc6 15. Nd2 Bxg2
16. Kxg2 Qd7 17. Nf3 Nd5 18. Rc2 a4 19. Qc4 c6 $6 {This seems overly solid to
me.} (19... f5 $5 {was a more spirited way of playing the position. The Sd5
does a lot to neutralise possible pressure on the c-line. White can sharpen
play by preparing e4, but this will also weaken his kingside. Lechtynsky
consistently avoids the slightest hint of complications. Another interesting
plan was}) (19... Rfb8 $5) 20. a3 Nc7 21. cxd6 Qxd6 {[#]Here I was, to be
honest, getting frustrated. Black is rock-solid. After closer reflection, I
noticed that one particular transformation would give white a serious
initiative -- if the queens and one pair of rooks are exchanged, then black's
queenside pawns become surprisingly weak. With my opponent growing slightly
short of time, and clearly eager to split the point, I decided to see if he
would cooperate.} 22. Qc5 Qxc5 23. Rxc5 Rfd8 24. e3 Rd5 25. Rfc1 Ra5 $2 {
After this, black's position becomes quite difficult. Also, it would become
most difficult just as time would be running short.} 26. Rxa5 Rxa5 27. Ne5 {
White has a number of ideas. From d3, the S will guard b2 and threaten to
enter c5. His king can also be rushed to the queenside quickly.} Rb5 (27... Na6
$5 {protects most weaknesses, but leaves his pieces very passively placed.})
28. Rc2 Rb3 29. Kf1 f6 30. Nc4 Kf7 $6 31. Nd2 $1 {A new circuit, since both c5
and c3 will be attractive spots for the knight.} Rb5 (31... Rb6 32. Ne4 Na6 33.
Nc3 {also costs black a pawn.}) 32. Ne4 Ke7 {Guards d6...} 33. Nc5 {... but
this is just as painful. Now white wins a vital pawn, and black's annoyance
with this turn of events simplifies the technical process.} Nd5 34. Nxa4 Kd6
35. Ke2 b6 36. b4 $1 {Not just preventing c5, but also crippling black's rook.}
f5 {This doesn't help - now black will have to pay heavily to get his rook out
of its cage.} 37. Rc4 g5 38. f4 $1 h6 39. Kd3 g4 40. Ke2 h5 41. Kd3 {In the
calm after the time control, black can now see that the cost of immobilising
white's pawns has been too high. His pieces are completely paralysed, and any
knight move is answered by Sc3, winning the exchange.} Kd7 42. Rc1 {The
simplest winning plan.} Kd6 43. Rh1 c5 (43... Kd7 44. h3 Nf6 45. Nc3 Ne4 46.
Nxe4 fxe4+ 47. Kxe4 {wins easily for white, so I expected black's last gasp to
be this desperate sacrifice.}) 44. dxc5+ bxc5 45. Nxc5 Nxb4+ 46. axb4 Rxb4 47.
Rc1 $1 {Simpler than sending the knight offside.} Rb2 48. e4 Rxh2 49. e5+ Ke7
50. Ra1 Rh3 51. Ra7+ Ke8 52. Nxe6 Rxg3+ 53. Kd4 h4 (53... Rf3 54. Ng7+ Kd8 55.
Nxh5) 54. Ng7+ {The e-pawn queens. A satisfying finish to a tournament where I
spent most of time taking reckless risks trying to win. Sometimes the quiet
ways are the best.} 1-0

[Event "Donetzk zt"]
[Site "Donetsk"]
[Date "1998.11.09"]
[Round "7"]
[White "Novikov, Igor A"]
[Black "Zubarev, Alexander2"]
[Result "1-0"]
[WhiteElo "2545"]
[BlackElo "2440"]
[Annotator "Tisdall,J"]
[PlyCount "97"]
[EventDate "1998.11.02"]
[EventType "swiss"]
[EventRounds "11"]
[EventCountry "UKR"]
[SourceTitle "CBM 068"]
[Source "ChessBase"]
[SourceDate "1999.02.01"]
[SourceVersion "1"]
[SourceVersionDate "1999.02.01"]
[SourceQuality "1"]

1. d4 Nf6 2. c4 e6 3. Nf3 Bb4+ 4. Bd2 Qe7 5. g3 Nc6 6. Nc3 Bxc3 7. Bxc3 Ne4 8.
Qc2 Nxc3 9. Qxc3 O-O 10. Bg2 d6 11. O-O e5 12. d5 Nd8 13. c5 b6 (13... f5 {
also met with the Novikov treatment: open the c-file and put the queen on e3.}
14. cxd6 cxd6 15. Rac1 Nf7 16. Qe3 Qd8 17. Rc4 Qa5 18. Rfc1 Qxa2 19. Qd2 Bd7
20. Rc7 Rfd8 21. Ng5 Nxg5 22. Qxg5 Qxb2 23. Bh3 e4 24. Bxf5 Qe5 25. Rxd7 Rxd7
26. Be6+ Kf8 27. Qxe5 dxe5 28. Bxd7 a5 29. d6 Rd8 30. Rc8 Rxc8 31. Bxc8 b5 32.
Bd7 b4 33. Ba4 Kf7 34. Kf1 {1-0 Novikov,I-Sedina,E/Saint Vincent 1998/EXT 99 
(34)}) 14. cxd6 cxd6 15. Rac1 $146 {Improving over} (15. e4 {which gave black
more to do:} f5 16. exf5 Bxf5 17. Qe3 Qf6 18. Rac1 Nf7 19. Rc7 Rfc8 20. Rfc1
Rxc7 21. Rxc7 Qd8 22. Rc6 Bd7 23. Rc3 Rc8 {1/2-1/2 Novikov,I-Cebalo,M/Bled
1996/CBM 51 ext (23)}) 15... Ba6 (15... Bb7 16. Qc7 $5 Qxc7 17. Rxc7 Bxd5 18.
Rd1 $14) 16. Qe3 Qd7 (16... Bb7 17. Nd4 $36 {[%csl Rc6] This use of the e-file
is another argument for Novikov's plan of leaving out e4.}) 17. Rc2 Nb7 (17...
Rc8 18. Rfc1 (18. Rxc8 Bxc8 19. Rc1 $14) 18... Nb7) 18. Qa3 $1 {Preparing the
strategic squeeze which takes up most of the game.} Bb5 19. Rfc1 Rfc8 (19...
Nc5 {would be desirable but is just pushed back with} 20. b4 Na6 21. Ng5 $1 h6
22. Bh3 Qe7 23. Ne4 f5 24. Nc3 $16) 20. Rxc8+ Rxc8 21. Rxc8+ Qxc8 22. Qxa7 Bxe2
23. h4 Qc7 {[%mdl 32]} (23... b5 24. Qb6 $16) 24. Kh2 $1 (24. Nxe5 dxe5 25. d6
Qxd6 26. Qxb7 g6 27. Bd5 Qf6 28. a4 $14 {was possible, but white hopes to milk
more out of the position by maintaining the pin on the knight.}) 24... h6 (
24... b5 25. b4 {and white has the additional plan of posting his knight on a5.
}) 25. a4 Kf8 26. b4 Ke7 27. Nd2 f5 {Now black can finally prepare to relieve
the pin by playing ...Kd7.} 28. Bf1 $1 {A nice move which leaves black with
even fewer pieces to play with.} Bxf1 29. Nxf1 f4 {Black does not gain
anything by allowing white access to e3.} (29... Kd7 30. Ne3 g6 31. Qa6 {
[%csl Rb6]}) 30. gxf4 $5 {Gains the d4 square and perforates the kingside for
invasion routes in potential endings.} exf4 31. Kg2 g5 32. hxg5 hxg5 33. Nh2
Kd7 34. Nf3 g4 35. Nd4 Qc8 36. Ne6 {White continues with his policy of keeping
black gift-wrapped, but the blunt} (36. Qxb6 {was hardly inferior;} Nd8 37. Nb5
) 36... g3 37. Qxb6 gxf2 38. Qd4 f1=Q+ 39. Kxf1 Qc1+ 40. Kf2 $18 Nd8 41. Nxd8
Kxd8 42. Qf6+ Ke8 43. Qe6+ Kf8 44. Qxd6+ Kg8 45. Qc5 Qd2+ 46. Kf3 Qd3+ 47. Kxf4
Qd2+ 48. Kf5 Qd3+ 49. Ke6 1-0

[Event "ISR-ch"]
[Site "Jerusalem"]
[Date "1996.??.??"]
[Round "4"]
[White "Zalkind, Konstantin"]
[Black "Birnboim, Nathan"]
[Result "1-0"]
[WhiteElo "2315"]
[BlackElo "2385"]
[Annotator "Tisdall,J"]
[PlyCount "67"]
[EventDate "1996.10.26"]
[EventType "swiss"]
[EventRounds "9"]
[EventCountry "ISR"]
[SourceTitle "CBM 056"]
[Source "ChessBase"]
[SourceDate "1997.02.01"]
[SourceVersion "1"]
[SourceVersionDate "1997.02.01"]
[SourceQuality "1"]

1. d4 Nf6 2. c4 e6 3. Nf3 Bb4+ 4. Nbd2 O-O 5. a3 Be7 6. e4 d5 7. e5 Ne4 8. Qc2
Ng5 9. h4 Nxf3+ 10. Nxf3 c5 11. Ng5 g6 12. Nxh7 Kxh7 13. h5 Rh8 14. hxg6+ Kg7
15. Rxh8 Qxh8 16. gxf7 Kxf7 17. Be3 cxd4 18. Bxd4 Nc6 19. Qd2 Qh4 20. Be3 dxc4
21. O-O-O Nxe5 22. f4 Nd3+ 23. Bxd3 cxd3 24. Qxd3 Qh5 25. g4 Qxg4 26. Rh1 Bf8
27. Qd8 Qf3 28. Qc7+ Be7 29. Rh7+ Kg8 30. Bd4 Qf1+ 31. Kd2 Qg2+ 32. Ke3 Qg1+
33. Ke2 e5 $4 34. Bxg1 1-0

[Event "Czerniak Memorial 13th"]
[Site "Tel Aviv"]
[Date "1997.??.??"]
[Round "8"]
[White "Manor, Ilan"]
[Black "Kogan, Artur"]
[Result "1-0"]
[WhiteElo "2525"]
[BlackElo "2515"]
[Annotator "Tisdall,J"]
[PlyCount "125"]
[EventDate "1997.04.04"]
[EventType "tourn"]
[EventRounds "11"]
[EventCountry "ISR"]
[EventCategory "10"]
[SourceTitle "CBM 059"]
[Source "ChessBase"]
[SourceDate "1997.08.01"]
[SourceVersion "1"]
[SourceVersionDate "1997.08.01"]
[SourceQuality "1"]

1. d4 Nf6 2. Nf3 e6 3. c4 Bb4+ 4. Bd2 a5 5. g3 d6 6. Bg2 Nbd7 7. O-O e5 8. Bg5
exd4 9. Nxd4 h6 10. Bf4 O-O 11. a3 Bc5 12. Nc3 Re8 (12... Ne5 13. Na4 $5 Ba7 (
13... Qe7 $10 {Shirov; /\ 14.Nc5 dc5 15.Nb5 Rd8 16.Qc2 c6}) (13... Nxc4 $2 14.
Rc1 Bxd4 15. Qxd4 d5 16. e4 $16 {Shirov}) 14. Nb5 Bb8 15. c5 Ng6 (15... Qe8 $5)
16. Be3 $13 {Shirov,A-Seul,G/BL9293 1993/0-1 (48)} (16. cxd6 c6 $5 17. Nc7 Nxf4
18. Nxa8 Nxg2 19. Kxg2 b5 $13 {x Na8})) 13. Ndb5 Nb6 (13... Nh5 14. Bc1 Ne5 15.
Na4 Qe7 $14) 14. b3 Nh5 15. Bc1 c6 16. Nd4 Bg4 $146 (16... Nf6 17. h3 d5 18.
cxd5 Nbxd5 19. Nxd5 cxd5 20. Bb2 Ne4 21. Rc1 Qe7 22. e3 Bd7 23. a4 Ra6 $13 {
Ulibin,M-Savon,V/Cheliabinsk 1991/1-0 (60)}) 17. h3 Qf6 $6 {[%csl Re4,Rh5]
Tempting, but too ambitious. Black's tactical possibilities do not quite work,
and in the end his pieces are just misplaced.} 18. Be3 Bd7 (18... Rxe3 19. fxe3
Qg5 20. Qd3 $16) 19. Ne4 Qg6 20. g4 Nf6 (20... Rxe4 21. gxh5 Qh7 22. Bxe4 Qxe4
23. Qd3 Qh4 24. Nf5 Qxh5 25. Nxd6 $16) 21. Nxc5 dxc5 22. Nf3 Ne4 23. Qc2 $14 {
[%csl Rb6,Rc5] +/-} Qf6 24. Rad1 {[%csl Rc5,Rd7,Re4]} h5 $1 {This leads to
tremendous complications.} 25. Nh2 (25. Ne1 $5 {gives black additional
tactical headaches by protecting g2 and c2, but leaves the king slightly more
exposed.} Qg6 26. gxh5 Qh7 (26... Qf5 $5 27. Bxe4 $5 Rxe4 28. Bxc5 Rae8 29.
Bxb6 Qxh3 30. Rd3 Qxh5 31. Ng2 $1 Rxe2 (31... Bh3 $5) 32. Qc3 $16) 27. f3 (27.
Bxe4 $2 Rxe4 28. Bxc5 Bf5 $40) 27... Ng3 28. Qxh7+ Kxh7 29. Bxc5 Nxe2+ 30. Kf2
$18 {[%csl Ye1,Yg2]}) 25... Qg6 26. gxh5 Qh7 27. f3 $5 Ng3 28. Qxh7+ Kxh7 29.
Bxc5 Nxe2+ $1 30. Kf2 Nf4 $1 31. Rd2 (31. Bxb6 Re2+ 32. Kg3 Nxh5+ 33. Kh4 Rxg2
$40) 31... Ra6 (31... Nc8 32. Rxd7 Re2+ 33. Kg3 Nxh5+ (33... Rxg2+ 34. Kxf4
Rxh2 35. Rxf7 $18) 34. Kh4 Rxg2 35. Kxh5 (35. Ng4 $5) 35... Rxh2 36. Rxf7 $18)
32. Ng4 Bf5 33. Rfd1 a4 $5 {leads to even more, probably unfavorable,
complications.} (33... Nxh5 $142 $5) 34. Bf1 $1 {[%csl Ra6,Rb6][%cal Rf1a6]}
axb3 35. Bd6 Ne6 $6 (35... Bc2 $5 36. Bxf4 Bxd1 37. Rxd1 Rxa3 38. Bd3+ Kg8 39.
h6 $5 $40 b2 $140 (39... Rd8 $5 {Preparing to give up the rook for the Bd3 may
be best - the passed b-pawn generates a lot of counterplay.}) 40. Rg1 Nd7 41.
Bb1 g6 42. Rd1 $18) (35... Nxh3+ 36. Kg3 $5 (36. Bxh3 Bc2 37. Bf1 (37. Rg1 Nxc4
) 37... Bxd1 38. Rxd1 $16)) (35... Na4 36. Bxf4 b2 37. Bd3 Bxd3 38. Rxd3 Nc5
39. Rc3 Rd8 40. Rb1 $18 {+/-}) 36. c5 (36. Ne3 $5) 36... Na4 37. Bxa6 bxa6 38.
Ne3 Bxh3 39. Rh1 b2 40. Rb1 Nexc5 41. Bxc5 Nxc5 42. Rbxb2 Re5 43. Rbc2 Rxh5 44.
Kg3 Bd7 45. Rxc5 Rxc5 46. Rxd7 Rc3 47. Kf4 g5+ 48. Ke4 Rxa3 49. Rxf7+ Kg6 50.
Rc7 Ra4+ 51. Kd3 Ra3+ 52. Kd2 Ra2+ 53. Ke1 a5 54. Rxc6+ Kf7 55. Ra6 a4 56. Nd5
a3 57. Nc3 Rc2 58. Rxa3 Kf6 59. Ne2 g4 60. Ra6+ Ke5 61. Ra5+ Kf6 62. fxg4 Rc4
63. Rf5+ 1-0